Marketing Hlavného mesta SR Brsatislavy diplomová práca

Na minha lista:
Detalhes bibliográficos
Autor principal: Kuba, Ivan
Autor Corporativo: Obchodná fakulta EU. Katedra marketingu
Outros Autores: Hanuláková, Eva, 1964-
Formato: Livro
Idioma:eslovaco
Publicado em: Bratislava 2009
Tags: Adicionar Tag
Sem tags, seja o primeiro a adicionar uma tag!

MARC

LEADER 00000nam$a2200000$$$4500
001 0097966
005 20240318135407.8
041 0 |a slo 
044 |a SK 
245 1 0 |a Marketing Hlavného mesta SR Brsatislavy  |b diplomová práca  |c Ivan Kuba ; škol. Eva Hanuláková 
264 1 |a Bratislava  |c 2009 
300 |a 82 s. 
100 1 |a Kuba, Ivan 
700 1 |a Hanuláková, Eva, 1964- 
710 2 |a Obchodná fakulta EU. Katedra marketingu